| 000 | 00463nam a2200157Ia 4500 | ||
|---|---|---|---|
| 008 | 240729s9999 xx 000 0 und d | ||
| 022 | _a1094-5253 | ||
| 245 | 0 | _aJournal of Southern Religion | |
| 260 | _aUnited States | ||
| 260 | _bWest Virginia University | ||
| 650 | _a Religions. Mythology. Rationalism | ||
| 650 | _aPhilosophy. Psychology. Religion | ||
| 856 | _uhttps://doaj.org/toc/39e7897caef04b13bcfdf461b9df5cc0 | ||
| 942 | _2ddc | ||
| 942 | _cDOAJEJ | ||
| 999 |
_c70959 _d70959 |
||
| 945 |
_a1 _bMadushi Gamage _c1 _dMadushi Gamage |
||